Dejepis pre 9. ročník základnej deväťročnej školy /

Další autoři: Dullová, Valéria
Jazyk: Slovenština
Vydáno: Bratislava : Slovenské pedagogické nakladateľstvo, 1979
Vydání: 4. vyd.
Fyzický popis: 257 s.
Knihy
Uloženo v:
LEADER 00726nam a22002292a 4500
001 001292840
003 CZ BrMZK
005 20130522095202.0
007 ta
008 130513s1979 xo er|||||||||||slo d
040 |a BOA001  |b cze 
080 9 |a 93 
080 9 |a (075.2) 
245 0 0 |a Dejepis pre 9. ročník základnej deväťročnej školy /  |c Valéria Dullová ... [et al.] 
250 |a 4. vyd. 
260 |a Bratislava :  |b Slovenské pedagogické nakladateľstvo,  |c 1979 
300 |a 257 s. 
700 1 |a Dullová, Valéria  |7 jx20071219027  |4 aut 
910 |a BOA001  |b 2-0676.140-79 
990 |a BK 
991 |b 201305 
996 7 |b 2619687587  |c 2-0676.140-79  |l Sklad H1  |r Sklad / do 24 hodin  |n 0  |h HS212  |w 001327378  |u 000010  |a 1  |e BOA001  |j MZK50  |s A